| 000 | 00829nam a2200217 u 4500 | ||
|---|---|---|---|
| 001 | 000337596 | ||
| 003 | AM-YeHGA | ||
| 005 | 20250617130941.0 | ||
| 008 | 040524s1973 ai r 000 0 arm d | ||
| 040 | _aAM-YeHGA | ||
| 041 | 1 |
_aarm _hbul |
|
| 080 | _a4(Բուլղ) | ||
| 090 | _aԲ-87 | ||
| 245 | 1 | 0 |
_aՄայր արջը և քավոր նապաստակը : _bՆախադպր. համար / _cՌ. Բոսիլեկ; Թարգմ.՝ Լ. Վարդանյան; Նկ.՝ Բ.Ա. Գրիգորյան. |
| 260 |
_aԵրևան : _bՀայաստան, _c1973. |
||
| 300 |
_a16 էջ : _bգունանկ. ; _c24 սմ. |
||
| 650 | 1 | 4 |
_aԲուլղարական մանկական գրականություն _xՀեքիաթ |
| 700 | 1 |
_aՎարդանյան, Լարիսա _eթարգմ. _4trl |
|
| 700 | 1 |
_aԳրիգորյան, Բ.Ա. _eնկ. _4art |
|
| 090 | _c128825 | ||
| 999 |
_c127462 _d127462 |
||